Statistiken für Ähnliche Flaggen

Klicken Sie hier um das Quiz zu spielen!

Allgemein

  • Dieses Quiz wurde 221 mal gespielt
    (207 seit der letzten Aktualisierung)
  • Das Durchschnittsergebnis liegt bei 36 aus 48

Antwortstatistiken

Antwort% Korrekt
Irak
97%
Syrien
91%
Ägypten
90%
Australien
88%
Jemen
87%
Malta
87%
Russland
87%
Serbien
87%
Slowakei
87%
Monaco
86%
Slowenien
85%
Argentinien
83%
Kuwait
83%
Indonesien
82%
Neuseeland
82%
Vereinigte Arabische Emirate
82%
Ghana
80%
Madagaskar
80%
Fidschi
79%
Kiribati
77%
Jordanien
76%
Tonga
76%
Tschad
76%
Honduras
74%
Senegal
74%
Nicaragua
73%
Marshallinseln
72%
Palau
72%
Sudan
72%
Benin
71%
Guatemala
71%
Togo
69%
Kolumbien
68%
Ecuador
66%
Guinea
66%
Mali
66%
Venezuela
66%
Samoa
65%
El Salvador
64%
Papua-Neuguinea
64%
Südsudan
64%
Mikronesien
62%
Tuvalu
62%
Guinea-Bissau
61%
Salomonen
58%
Nauru
53%
Vanuatu
52%
Palästina
39%

Verteilung der Resultate

Perzentil nach korrekt beantworteten Fragen

Anzahl Personen mit jedem Resultat

Ihre Resultats-Entwicklung

Sie haben dieses Quiz seit der letzten Aktualisierung nicht gespielt